Statistics for Crash Bandicoot Original Trilogy Levels

Click here to take the quiz!

General Stats

  • This quiz has been taken 171 times
  • The average score is 44 of 100

Answer Stats

Island Crash Bandicoot % Correct
2 (Boss)Ripper Roo
94%
5 (Boss)Dr. Neo Cortex
88%
3 (Boss)Dr Neo Cortex
88%
1 (Boss)Papu Papu
84%
3 (Boss)Tiny Tiger
81%
4 (Boss)Dr. N. Gin
80%
4 (Boss)N. Gin
79%
2 (Boss)Koala Kong
74%
1N. Sanity Beach
72%
3 (Boss)Dr. Nitrus Brio
70%
3 (Boss)Pinstripe
70%
2 (Boss)Dingodile
69%
2 (Boss)Komodo Brothers
68%
3 (Boss)N. Tropy
64%
1Hog Wild
63%
1Upstream
58%
2Road To Nowhere
57%
1Turtle Woods
57%
2Sunset Vista
56%
1Rolling Stones
54%
3The Lab
54%
1Boulders
52%
3Slippery Climb
52%
1Snow Go
51%
3The Highroad
49%
3The Great Hall
49%
1The Great Gate
49%
1Hang Eight
48%
2Up The Creek
48%
1Jungle Rollers
47%
3Toxic Waste
47%
1Native Fortress
47%
3Cortex Power
47%
3Heavy Machinery
46%
3Generator Room
44%
3 (Key)Fumbling In The Dark
42%
2The Lost City
42%
2The Eel Deal
41%
1Under Pressure
41%
3Lights Out
41%
4Tomb Wader
40%
3Double Header
40%
3Dino Might
40%
HiddenHot Coco
40%
6Area 51
40%
2Midnight Run
38%
2Hog Ride
38%
1Orient Express
38%
3Un-Bearable
38%
3Jaws Of Darkness
38%
2Boulder Dash
38%
1The Pits
38%
3Castle Machinery
37%
1Toad Village
37%
1Crash Dash
36%
3Sewer Or Later
36%
2Hang'em High
36%
3Bear Down
36%
4Bee-Having
36%
2Temple Ruins
36%
4Future Frenzy
35%
4Cold Hard Crash
35%
2 (Key)Whole Hog
33%
2Gee Wiz
33%
5Orange Asphalt
33%
2Snow Biz
33%
2Bear It
33%
3Road To Ruin
33%
2Air Crash
33%
5Piston It Away
33%
4Tell No Tales
32%
6Rings Of Power
32%
4Ruination
32%
5Gone Tomorrow
32%
5Rock It
32%
1Bone Yard
31%
2Crash Crush
31%
4Diggin' It
31%
5Pack Attack
30%
HiddenEggipus Rex
30%
Secret 6Totally Fly
30%
Secret 6Totally Bear
30%
3Plant Food
30%
1Makin' Waves
28%
5Flaming Passion
27%
5Night Fight
26%
3Deep Trouble
26%
4Sphynxinator
26%
4Bye Bye Blimps
26%
5Spaced Out
26%
2Tomb Time
25%
5Mad Bombers
23%
3Road Crash
22%
3High Time
21%
4Hangin' Out
17%
6Ski Crazed
14%
5Bug Lite
4%

Score Distribution

Percentile by Number Answered

Percent of People with Each Score

Your Score History

You have not taken this quiz